Mastering mentorship: a practical guide for mentors of nursing, health and social care students
Gardado en:
| Autor Principal: | |
|---|---|
| Formato: | Libro |
| Idioma: | inglés |
| Publicado: |
SAGE Publications
2013
|
| Tags: |
Engadir etiqueta
Sen Etiquetas, Sexa o primeiro en etiquetar este rexistro!
|
MARC
| LEADER | 00000nam a22000007a 4500 | ||
|---|---|---|---|
| 008 | 210122b ||||| |||| 00| 0 eng d | ||
| 020 | |a 978-0-85702-983-6 | ||
| 100 | |a BAILEY-McHALE, Julie. | ||
| 245 | |a Mastering mentorship: |b a practical guide for mentors of nursing, health and social care students |c Julie Bailey-McHale and Donna Hart |g xvii, 206p.; ill. | ||
| 260 | |b SAGE Publications |c 2013 |h Los Angeles: |i 693301 |i 693302 |l RT86.45 .B15 |m Education, Nursing – Methods – Case reports |m Mentoring in medicine. |m Mentors – Case reports. |m Mentoring in nursing. | ||
| 500 | |a “It includes references and index”. | ||
| 942 | |a lcc |c BK |e Adeniran, F. A |f 22/01/2021 | ||
| 952 | |0 0 |1 0 |2 lcc |4 0 |6 RT008645 B15 |7 0 |9 1633 |a HOL |b HE |c QZ |d 2021-01-22 |l 0 |o RT86.45 .B15 |p 2021-0420 |r 2021-01-22 00:00:00 |w 2021-01-22 |y BK | ||
| 952 | |0 0 |1 0 |2 lcc |4 0 |6 RT008645 B15 |7 0 |9 1634 |a HOL |b HOL |c QZ |d 2021-01-22 |l 0 |o RT86.45 .B15 |p 2021-0421 |r 2021-01-22 00:00:00 |w 2021-01-22 |y BK | ||
| 999 | |c 866 |d 866 | ||